00705nam a22002057a 450000500170000001000150001702000260003203500140005803700090007208200100008110000190009124500600011025000060017026000340017627000680021030000200027894200240029899900190032295201580034120260622163350.0 aENG-148909 a9789393270696c750.00 aEN-132441 bDBAD a025.1 aPrashant kumar aEssential of Public Library Management/cPrashant Kumar a1 aDelhibDiamond Creationc2024 a21 north, Basti harphool singh Sadar Thana Road,bDelhie110006 a145p.c22cm(Hb) 2ddccENh025.1mPRA c216767d216767 001040718NFICaDBADbDBADd2026-06-22eDelivery of Books Act Divisiong750.00l0o025.1 PRApEN-132441r2026-06-22 16:34:20t1v750.00w2026-06-22yEN